<?xml version="1.0" encoding="UTF-8"?>
<record
    xmlns:xsi="http://www.w3.org/2001/XMLSchema-instance"
    xsi:schemaLocation="http://www.loc.gov/MARC21/slim http://www.loc.gov/standards/marcxml/schema/MARC21slim.xsd"
    xmlns="http://www.loc.gov/MARC21/slim">

  <leader>00693nam a22002177a 4500</leader>
  <datafield tag="952" ind1=" " ind2=" ">
    <subfield code="a">0001</subfield>
    <subfield code="b">0001</subfield>
    <subfield code="d">2022-06-21</subfield>
    <subfield code="l">0</subfield>
    <subfield code="o">629.1309561 T96 2022</subfield>
    <subfield code="p">020464</subfield>
    <subfield code="r">2022-06-21 00:00:00</subfield>
    <subfield code="w">2022-06-21</subfield>
    <subfield code="y">BKS</subfield>
  </datafield>
  <datafield tag="999" ind1=" " ind2=" ">
    <subfield code="c">14934</subfield>
    <subfield code="d">14934</subfield>
  </datafield>
  <controlfield tag="003">MIRAKIL</controlfield>
  <controlfield tag="005">20220621162943.0</controlfield>
  <controlfield tag="008">220621b        tu ||||| |||| 00| 0 tur d</controlfield>
  <datafield tag="020" ind1=" " ind2=" ">
    <subfield code="a">9786258049473</subfield>
  </datafield>
  <datafield tag="040" ind1=" " ind2=" ">
    <subfield code="a">TR-AnCHP</subfield>
    <subfield code="c">TR-AnCHP</subfield>
  </datafield>
  <datafield tag="041" ind1=" " ind2=" ">
    <subfield code="a">tur</subfield>
  </datafield>
  <datafield tag="082" ind1=" " ind2=" ">
    <subfield code="a">629.1309561</subfield>
    <subfield code="b">T96 2022</subfield>
  </datafield>
  <datafield tag="245" ind1="1" ind2="0">
    <subfield code="a">T&#xFC;rk havac&#x131;l&#x131;k tarihi:</subfield>
    <subfield code="b">Do&#x11F;u&#x15F;u ve geli&#x15F;imi/</subfield>
    <subfield code="c">Haz&#x131;rlayan: Deniz Dalk&#x131;l&#x131;n&#xE7;</subfield>
  </datafield>
  <datafield tag="260" ind1=" " ind2=" ">
    <subfield code="a">&#x130;stanbul:</subfield>
    <subfield code="b">&#x130;stanbul B&#xFC;y&#xFC;k&#x15F;ehir Belediyesi,</subfield>
    <subfield code="c">2022.</subfield>
  </datafield>
  <datafield tag="300" ind1=" " ind2=" ">
    <subfield code="a">512 s.:</subfield>
    <subfield code="b">fotg.;</subfield>
    <subfield code="c">28 sm.</subfield>
  </datafield>
  <datafield tag="504" ind1=" " ind2=" ">
    <subfield code="a">Dizin vard&#x131;r.</subfield>
  </datafield>
  <datafield tag="504" ind1=" " ind2=" ">
    <subfield code="a">Kaynak&#xE7;a b&#xF6;l&#xFC;m sonlar&#x131;ndad&#x131;r.</subfield>
  </datafield>
  <datafield tag="650" ind1=" " ind2="0">
    <subfield code="9">4</subfield>
    <subfield code="a">T&#xFC;rkiye</subfield>
    <subfield code="x">Havac&#x131;l&#x131;k</subfield>
    <subfield code="x">Tarih</subfield>
  </datafield>
  <datafield tag="700" ind1="1" ind2=" ">
    <subfield code="9">3394</subfield>
    <subfield code="a">Dalk&#x131;l&#x131;n&#xE7;, Deniz</subfield>
    <subfield code="e">haz.</subfield>
  </datafield>
  <datafield tag="942" ind1=" " ind2=" ">
    <subfield code="2">ddc</subfield>
    <subfield code="c">BKS</subfield>
  </datafield>
</record>
